Three studies in mineral economics.

Bibliographic Details
Main Author: Herfindahl, Orris C. (Orris Clemens), 1918-
Format: Book
Language:English
Published: Washington : Resources for the Future, [1961]
Subjects:

MARC

Tag First Indicator Second Indicator Subfields
LEADER 00000cam a2200000 4500
001 in00000040789
005 20160115090354.0
008 720208s1961 dcu 00000 eng u
010 |a  61009336  
035 |a (OCoLC)00236684 
035 |9 AAE0345AM 
040 |c WSU  |d TXA  |d UtOrBLW 
049 |a TXAM  |c [416135] 
050 0 |a HD9506.U62  |b H4 
092 |a 338.2  |b H544t 
100 1 |a Herfindahl, Orris C.  |q (Orris Clemens),  |d 1918- 
245 1 0 |a Three studies in mineral economics. 
264 1 |a Washington :  |b Resources for the Future,  |c [1961] 
300 |a 63 pages 
336 |a text  |b txt  |2 rdacontent 
337 |a unmediated  |b n  |2 rdamedia 
338 |a volume  |b nc  |2 rdacarrier 
650 0 |a Mineral industries  |z United States. 
740 0 |a Minerals economics. 
999 |a MARS 
999 f f |s 4077a517-896e-34fa-a1e9-421e83271206  |i c894604c-decf-36d4-843f-53c770096b22  |t 0 
952 f f |p ric  |a Texas A&M University  |b Rellis Campus  |c Joint Library Facility  |d Remote Storage  |t 0  |e HD9506.U62 H4  |h Library of Congress classification  |i unmediated -- volume  |m A14800761938 
998 f f |a HD9506.U62 H4  |t 0  |l Remote Storage